000 00609nam a2200217 a 4500
001 17033
003 CO-ViMGA
008 141112s2004 ck r 000 u spa d
020 _a9508021101
040 _aCO-ViMGA
_bspa
_cCO-ViMGA
082 0 4 _a362.6 S152g
100 1 _aSanchez Salgado, Carmen Delia
_924152
245 1 0 _aGerontología Social
260 _aBuenos Aires (Argentina),
_cEspacio,
_c2000
300 _a254.p.
590 _aForma de adquisición : Premio - Mincultura
650 1 4 _aANCIANOS - ASPECTOS SOCIALES
_924153
650 1 4 _aGERONTOLOGIA
_924154
650 1 4 _aVEJEZ
942 _2ddc
_cBK
999 _c26649
_d26649